banner-ar

يا لها من فكرة رائعة : (Record no. 60455)

MARC details
000 -الفاتح
حقل البيانات ثابتة الطول 01451nam a22003497a 4500
005 - وقت وتاريخ اخر تعامل مع التسجيلة
رقم الضبط 20240530110411.0
008 - عناصر البيانات ثابتة الطول - معلومات عامة
حقل البيانات ثابتة الطول 150215s2009 ua o a 001 0 ara d
017 ## - رقم الايداع القانونى
رقم الايداع القانونى 2007/15256
المصدر ( الهيئة المختصة) مصر . دار الكتب المصرية
020 ## - الرقم الدولى المعيارى للكتب
الرقم الدولى المعيارى للكتاب 9771439065
040 ## - مصدر الفهرسة
وكالة الفهرسة الأصلية EG-CaGPL
041 1# - رمز اللغة
رمز لغة النص/ المسارات الصوتية أو العنوان الانفرادي ara
رمز لغة الترجمات و/او الاصلية المتوسطة للنص eng
082 04 - رقم تصنيف ديوى العشرى
رقم الطبعة 21
رقم التصنيف 608.7
رقم المادة ط/ت ى
100 1# - المدخل الرئيسى - إسم شخصى
الإسم الشخصى توميسيك ، ستيفن . م .
245 10 - بيان العنوان
العنوان يا لها من فكرة رائعة :
بقية العنوان اختراعات غيرت العالم /
بيان المسئوليه,etc تاليف ستيفن . م . توميسيك ؛ رسوم دان ستوكنشنايدر ؛ ترجمة دعاء صلاح محمد ؛ اشراف عام داليا محمد ابراهيم
260 ## - PUBLICATION, DISTRIBUTION, ETC. (IMPRINT)
تاريخ النشر أو التوزيع 2009
300 ## - الوصف المادى
التعداد 112 ص :
تفاصيل ماديه اخرى للوعاء صور ؛
أبعاد الوعاء 32 سم
650 04 - المدخل الاضافى بالموضوع-مصطلح موضوعى
مصطلح موضوعي الاختراعات
650 04 - المدخل الاضافى بالموضوع-مصطلح موضوعى
مصطلح موضوعي الاختراعات
التقسيم الفرعي العام تاريخ
650 04 - المدخل الاضافى بالموضوع-مصطلح موضوعى
مصطلح موضوعي الليزر
650 04 - المدخل الاضافى بالموضوع-مصطلح موضوعى
مصطلح موضوعي الحاسبات الالكترونية
650 04 - المدخل الاضافى بالموضوع-مصطلح موضوعى
مصطلح موضوعي المفاعل النووى
650 04 - المدخل الاضافى بالموضوع-مصطلح موضوعى
مصطلح موضوعي المضادات الحيوية
650 04 - المدخل الاضافى بالموضوع-مصطلح موضوعى
مصطلح موضوعي الصواريخ
650 04 - المدخل الاضافى بالموضوع-مصطلح موضوعى
مصطلح موضوعي الطائرات
650 04 - المدخل الاضافى بالموضوع-مصطلح موضوعى
مصطلح موضوعي التصوير
650 04 - المدخل الاضافى بالموضوع-مصطلح موضوعى
مصطلح موضوعي النقود
700 1# - المدخل الاضافى - اسم شخصى
الإسم الشخصى ستوكنشنايدر ، دان
الدور رسام
700 0# - المدخل الاضافى - اسم شخصى
الإسم الشخصى دعاء صلاح محمد
الدور مترجم
700 0# - المدخل الاضافى - اسم شخصى
الإسم الشخصى داليا محمد ابراهيم
الدور اشراف
942 ## - عناصر المدخل الإضافي( كوها)
مصدر التصنيف او مخطط الترفيف Dewey Decimal Classification
Koha [default] item type كتاب
260 ## - PUBLICATION, DISTRIBUTION, ETC. (IMPRINT)
-- القاهرة :
-- نهضة مصر للطباعة و النشر و التوزيع ،
Holdings
حالة التراجع حالة الفقد حالة تلف ليس للاعارة المكان المؤقت الموقع الحالى تاريخ الاكتساب اجمالي اﻻعارات رقم الطلب الباركود تاريخ اخر مشاهدة تاريخ تفعيل السعر نوع وعاء كوها
        مكتبة القاهرة الكبرى مكتبة القاهرة الكبرى 02/15/2015   608.7 ط/ت ى 159510 02/15/2015 02/15/2015 كتاب

Powered By

EGPV